<?xml version="1.0" encoding="UTF-8"?>
<collection xmlns="http://www.loc.gov/MARC21/slim">
 <record>
  <leader>01921nam a2200229Ia 4500</leader>
  <controlfield tag="001">CTU_103878</controlfield>
  <controlfield tag="008">210402s9999    xx            000 0 und d</controlfield>
  <datafield tag="020" ind1=" " ind2=" ">
   <subfield code="c">27000</subfield>
  </datafield>
  <datafield tag="082" ind1=" " ind2=" ">
   <subfield code="a">895.92234</subfield>
  </datafield>
  <datafield tag="082" ind1=" " ind2=" ">
   <subfield code="b">T550</subfield>
  </datafield>
  <datafield tag="100" ind1=" " ind2=" ">
   <subfield code="a">Nguyễn, Ngọc Tư</subfield>
  </datafield>
  <datafield tag="245" ind1=" " ind2="0">
   <subfield code="a">Cánh đồng bất tận :</subfield>
  </datafield>
  <datafield tag="245" ind1=" " ind2="0">
   <subfield code="b">Những truyện hay và mới nhất</subfield>
  </datafield>
  <datafield tag="245" ind1=" " ind2="0">
   <subfield code="c">Nguyễn Ngọc Tư</subfield>
  </datafield>
  <datafield tag="260" ind1=" " ind2=" ">
   <subfield code="a">Tp. HCM</subfield>
  </datafield>
  <datafield tag="260" ind1=" " ind2=" ">
   <subfield code="b">Trẻ / Báo Tuổi Trẻ</subfield>
  </datafield>
  <datafield tag="260" ind1=" " ind2=" ">
   <subfield code="c">2006</subfield>
  </datafield>
  <datafield tag="520" ind1=" " ind2=" ">
   <subfield code="a">Những cánh đồng trở thành đô thị; những cánh đồng ngoa ngoắt thay đổi vị của nước, từ ngọt sang mặn chát; những cánh đồng vắng bóng người, và lúa rày mọc hoang nhớ đau nhớ đớn bàn chân xưa nghẽn trong bùn quách giờ đang vất vơ kiếm sống ở thị thành. Những cánh đồng đó, đã hất hủi cây lúa ( và gián tiếp từ chối đàn vịt). Đất dưới chân chúng tôi bị thu hẹp dần. Nhưng ngay từ đầu, chúng tôi đã tự làm quẩn chân mình, vì không thể quay lại những cánh đồng cũ ( với người quen cũ ).Tôi gặp nhiều đứa trẻ tên Hận, tên Thù mang khuôn mặt rắp tâm của cha tôi, với đôi mắt sâu và chiếc mũi thẳng. Những đứa trẻ nhàu úa, cộc cằn, cắm cẳn, chỉ tiếng chửi thề là tươi rói, nhảy ra xoi xói ở đầu môi. Và hình ảnh đó thật đến nổi, tôi bất giác lùi lại vì một đức đang nhìn trân trối vào mình, ngạo nghễ...</subfield>
  </datafield>
  <datafield tag="650" ind1=" " ind2=" ">
   <subfield code="a">Vietnamese fiction</subfield>
  </datafield>
  <datafield tag="650" ind1=" " ind2=" ">
   <subfield code="x">21st century</subfield>
  </datafield>
  <datafield tag="904" ind1=" " ind2=" ">
   <subfield code="i">Minh</subfield>
  </datafield>
  <datafield tag="980" ind1=" " ind2=" ">
   <subfield code="a">Trung tâm Học liệu Trường Đại học Cần Thơ</subfield>
  </datafield>
 </record>
</collection>
